MARC

LEADER 00000nam0a2200000 4500
001 370311
005 20231102012252.0
035 |a (RuTPU)RU\TPU\retro\27719 
090 |a 370311 
100 |a 20220624d1978 km y0rusy50 ca 
101 0 |a rus 
102 |a RU 
105 |a a z 001zy 
200 1 |a Материал в архитектуре  |f Д. П. Айрапетов 
210 |a Москва  |c Стройиздат  |d 1978 
215 |a 272 с.  |c ил. 
225 1 |a Материал в архитектуре 
320 |a Библиогр.: с. 263-269 
606 1 |a Архитектурное материаловедение  |2 stltpush  |3 (RuTPU)RU\TPU\subj\78701  |9 87866 
610 1 |a архитектура 
610 1 |a строительные материалы 
610 1 |a архитектурные формы 
610 1 |a качество 
610 1 |a эффективность 
610 1 |a требования 
610 1 |a контроль качества 
610 1 |a новые материалы 
675 |a 72.032  |v 4 
700 1 |a Айрапетов  |b Д. П.  |g Дмитрий Павлович 
801 1 |a RU  |b 63413507  |c 20220624 
942 |c BK